| Tag |
First Indicator |
Second Indicator |
Subfields |
| LEADER |
00000cam a2200000 4500 |
| 001 |
in00000097932 |
| 005 |
20210730124405.0 |
| 008 |
691121s1969 njua b 00110 eng |
| 010 |
|
|
|a 76077553
|
| 020 |
|
|
|a 0133806839
|
| 035 |
|
|
|a (OCoLC)00031296
|
| 035 |
|
|
|9 AAL3127AM
|
| 040 |
|
|
|a DLC
|c DLC
|d TXA
|d UtOrBLW
|
| 049 |
|
|
|a TXAM
|c [638667]
|
| 050 |
0 |
0 |
|a TK6580
|b .B33
|
| 082 |
0 |
|
|a 621.3848
|
| 100 |
1 |
|
|a Barton, David Knox,
|d 1927-
|
| 245 |
1 |
0 |
|a Handbook of radar measurement /
|c [by] David K. Barton and Harold R. Ward.
|
| 264 |
|
1 |
|a Englewood Cliffs, N.J. :
|b Prentice-Hall,
|c [1969]
|
| 300 |
|
|
|a xv, 426 pages :
|b illustrations ;
|c 25 cm.
|
| 336 |
|
|
|a text
|b txt
|2 rdacontent
|
| 337 |
|
|
|a unmediated
|b n
|2 rdamedia
|
| 338 |
|
|
|a volume
|b nc
|2 rdacarrier
|
| 490 |
1 |
|
|a Microwaves and fields series
|
| 490 |
1 |
|
|a Prentice-Hall electrical engineering series
|
| 504 |
|
|
|a Bibliography: pages 413-416.
|
| 650 |
|
0 |
|a Radar.
|
| 700 |
1 |
|
|a Ward, Harold R.
|q (Harold Richard),
|d 1931-
|
| 830 |
|
0 |
|a Microwaves and fields series.
|
| 830 |
|
0 |
|a Prentice-Hall electrical engineering series.
|
| 999 |
|
|
|a MARS
|
| 999 |
f |
f |
|s 1eb28952-e5da-34a8-aafe-1cc44f8eec00
|i 428927e9-bba7-3a4c-bc50-6294ec80460f
|t 0
|
| 952 |
f |
f |
|p normal
|a Texas A&M University
|b Galveston Campus
|c Jack K. Williams Library
|s galv stk
|d Galveston Stacks
|t 0
|e TK6580 .B33
|h Library of Congress classification
|i unmediated -- volume
|m 33620000618864
|
| 998 |
f |
f |
|a TK6580 .B33
|t 0
|l Galveston Stacks
|